Địa chất thuỷ văn ứng dụng

Nội dung tập 2 từ chương 9 đến chương 14 giới thiệu về sự hình thành nước dưới đất, hóa học nước, chất lượng nước và sự ô nhiễm nước dưới đất. Sự phát triển và quản lý nước dưới đất, các mô hình nước dưới đất......

Full description

Saved in:
Bibliographic Details
Main Author: Fetter, C. W.
Format: Book
Language:Undetermined
Published: Hà Nội Giáo dục 2000
Subjects:
Tags: Add Tag
No Tags, Be the first to tag this record!
Institutions: Trung tâm Học liệu Trường Đại học Cần Thơ
LEADER 00965nam a2200205Ia 4500
001 CTU_148445
008 210402s9999 xx 000 0 und d
020 |c 28500 
082 |a 551 
082 |b F421/T2 
100 |a Fetter, C. W. 
245 0 |a Địa chất thuỷ văn ứng dụng 
245 0 |c C. W. Fetter ; Phạm Thanh Huyền, Nguyễn Uyên ( dịch ) 
260 |a Hà Nội 
260 |b Giáo dục 
260 |c 2000 
520 |a Nội dung tập 2 từ chương 9 đến chương 14 giới thiệu về sự hình thành nước dưới đất, hóa học nước, chất lượng nước và sự ô nhiễm nước dưới đất. Sự phát triển và quản lý nước dưới đất, các mô hình nước dưới đất... 
650 |a Hydrology,Meteorology 
904 |i QHieu 
980 |a Trung tâm Học liệu Trường Đại học Cần Thơ